German Months of the Year - Statistics

General Stats
  • This quiz has been taken 76 times
    68 since last reset
  • The average score is 12 of 12
Answer Stats
English German % Correct
January Januar
100%
July Juli
100%
June Juni
100%
November November
100%
April April
98%
August August
98%
December Dezember
98%
Ferbruary Februar
98%
May Mai
98%
October Oktober
98%
September September
98%
March Maerz
96%
No matching quizzes found
Score Distribution
Percent of People with Each Score
Percentile by Number Answered
Your Score History
You have not taken this quiz since the last reset